[Event "BL 0708 SC Remagen - SV Wattenscheid"]
[Site "?"]
[Date "2008.04.05"]
[Round "12.2"]
[White "Goloshchapov, Alexander"]
[Black "Johannessen, Leif Erlend"]
[Result "1/2-1/2"]
[WhiteElo "2563"]
[BlackElo "2536"]
[PlyCount "49"]
[EventDate "2008.??.??"]

1. d4 Nf6 2. c4 e6 3. Nf3 d5 4. g3 Be7 5. Bg2 O-O 6. O-O dxc4 7. Qc2 a6 8. Qxc4
b5 9. Qc2 Bb7 10. Bg5 Nbd7 11. Nbd2 Rc8 12. Bxf6 Nxf6 13. Nb3 c5 14. dxc5 Be4
15. Qc3 Bd5 16. Rfd1 Ne4 17. Qe1 Qc7 18. Rac1 Bxb3 19. axb3 Bxc5 20. e3 b4 21.
Nd4 Nf6 22. Rc4 Qb6 23. Rdc1 Nd7 24. Qe2 Rc7 25. Nf3 1/2-1/2

[Event "BL 0708 SC Remagen - SV Wattenscheid"]
[Site "?"]
[Date "2008.04.05"]
[Round "12.3"]
[White "Bartel, Mateusz"]
[Black "Degraeve, Jean-Marc"]
[Result "1-0"]
[WhiteElo "2608"]
[BlackElo "2546"]
[PlyCount "119"]
[EventDate "2008.??.??"]

1. e4 c5 2. Nf3 Nc6 3. d4 cxd4 4. Nxd4 e5 5. Nb5 d6 6. c4 Be7 7. Be2 Nf6 8.
N1c3 a6 9. Na3 Nd4 10. Be3 Nxe2 11. Qxe2 Be6 12. O-O Rc8 13. Rfd1 O-O 14. Rac1
Rc6 15. f3 Ne8 16. c5 Bg5 17. Nd5 Bxe3+ 18. Qxe3 Bxd5 19. exd5 Rxc5 20. Rxc5
dxc5 21. d6 Nf6 22. Qxc5 e4 23. fxe4 Nxe4 24. Qd4 Qh4 25. Rf1 f5 26. Nc4 Qf6
27. Qd5+ Qf7 28. Rxf5 Qxd5 29. Rxd5 Rd8 30. a4 Nf6 31. Rd3 Rc8 32. Nb6 Rd8 33.
Nc4 Rc8 34. Rd4 Kf7 35. d7 Rd8 36. Nd6+ Ke7 37. Nxb7 Rxd7 38. Rxd7+ Nxd7 39.
Kf2 Ke6 40. Ke3 Kd5 41. Kd3 Ne5+ 42. Kc3 Ng4 43. Kb4 Nxh2 44. Ka5 h5 45. Kxa6
h4 46. Kb5 g5 47. a5 g4 48. a6 h3 49. gxh3 g3 50. a7 g2 51. a8=Q g1=Q 52. Nc5+
Ke5 53. Qe8+ Kf4 54. Qf7+ Ke3 55. Qe6+ Kf4 56. Qf6+ Ke3 57. Qe5+ Kd2 58. Qc3+
Kd1 59. Qd3+ Kc1 60. b4 1-0

[Event "BL 0708 SC Remagen - SV Wattenscheid"]
[Site "?"]
[Date "2008.04.05"]
[Round "12.4"]
[White "Popovic, Petar"]
[Black "Czarnota, Pawel"]
[Result "0-1"]
[WhiteElo "2474"]
[BlackElo "2554"]
[PlyCount "86"]
[EventDate "2008.??.??"]

1. e4 c5 2. Nf3 d6 3. d4 cxd4 4. Nxd4 Nf6 5. Nc3 Nc6 6. Bg5 e6 7. Qd2 a6 8.
O-O-O Bd7 9. f4 b5 10. Bxf6 gxf6 11. Kb1 b4 12. Nce2 Qb6 13. Ng3 Nxd4 14. Qxd4
Qxd4 15. Rxd4 a5 16. Be2 Be7 17. Rhd1 Rc8 18. Nh5 Rc5 19. g4 Bc6 20. Ng3 Kd7
21. b3 Rg8 22. h3 Rc3 23. Bd3 Kc7 24. Re1 d5 25. exd5 Bc5 26. Ne2 exd5 27. Nxc3
bxc3 28. Ra4 Bxa4 29. bxa4 Bd6 30. Bb5 f5 31. g5 Bxf4 32. h4 h6 33. Rf1 hxg5
34. hxg5 Bxg5 35. Rxf5 f6 36. a3 Kd6 37. Ka2 Ke6 38. Rf3 Bd2 39. Kb3 Rg1 40.
Bd3 Rb1+ 41. Ka2 Re1 42. Kb3 Ra1 43. Rh3 Ke5 0-1

[Event "BL 0708 SC Remagen - SV Wattenscheid"]
[Site "?"]
[Date "2008.04.05"]
[Round "12.5"]
[White "Appel, Ralf"]
[Black "Mainka, Romuald"]
[Result "1/2-1/2"]
[WhiteElo "2529"]
[BlackElo "2496"]
[PlyCount "73"]
[EventDate "2008.??.??"]

1. d4 Nf6 2. Nf3 d5 3. c4 dxc4 4. Nc3 c6 5. a4 e6 6. e3 c5 7. Bxc4 Nc6 8. O-O
cxd4 9. exd4 Be7 10. Qe2 O-O 11. Rd1 Nd5 12. Bd2 Ncb4 13. Ne4 b6 14. h4 Bb7 15.
h5 Rc8 16. Rac1 Rc7 17. Ne5 Nc6 18. Nf3 h6 19. Nc3 Bf6 20. Nxd5 exd5 21. Bb3
Re8 22. Qb5 Re4 23. Be3 Na5 24. Bc2 Bc6 25. Qe2 Rce7 26. Ne5 Bxa4 27. Bxa4 Bxe5
28. Bc2 Rxe3 29. fxe3 Bf4 30. Qg4 Bxe3+ 31. Kh1 Bxc1 32. Rxc1 Qe8 33. Kh2 Qb8+
34. Kh1 Qe8 35. Kh2 Qb8+ 36. Kh1 Qe8 37. Kh2 1/2-1/2

[Event "BL 0708 SC Remagen - SV Wattenscheid"]
[Site "?"]
[Date "2008.04.05"]
[Round "12.6"]
[White "Boidman, Yuri"]
[Black "Holzke, Frank Dr"]
[Result "1/2-1/2"]
[WhiteElo "2450"]
[BlackElo "2485"]
[PlyCount "36"]
[EventDate "2008.??.??"]

1. e4 e5 2. Nf3 Nc6 3. Bb5 a6 4. Ba4 Nf6 5. O-O Nxe4 6. Re1 Nc5 7. Bxc6 dxc6 8.
d4 Ne6 9. Nxe5 Be7 10. Be3 O-O 11. Nc3 f6 12. Nf3 f5 13. Qd3 Bd6 14. Rad1 Qf6
15. Ne5 f4 16. Bc1 Ng5 17. Ne4 Nxe4 18. Rxe4 Bf5 1/2-1/2

[Event "BL 0708 SC Remagen - SV Wattenscheid"]
[Site "?"]
[Date "2008.04.05"]
[Round "12.7"]
[White "Handke, Florian"]
[Black "Swinkels, Robin"]
[Result "0-1"]
[WhiteElo "2497"]
[BlackElo "2433"]
[PlyCount "154"]
[EventDate "2008.??.??"]

1. d4 Nf6 2. Nf3 g6 3. c4 Bg7 4. Nc3 d5 5. cxd5 Nxd5 6. Bd2 O-O 7. e4 Nb6 8.
Be3 Bg4 9. Be2 Nc6 10. d5 Bxf3 11. gxf3 Ne5 12. Qb3 Qc8 13. h4 c5 14. Rc1 h5
15. f4 Ng4 16. Rg1 Nxe3 17. fxe3 Kh7 18. e5 Qh3 19. Ne4 Qxh4+ 20. Kd2 c4 21.
Qc2 Rfd8 22. Rh1 c3+ 23. Nxc3 Qf2 24. Qd3 Nxd5 25. Ne4 Qg2 26. Rcg1 Qxh1 27.
Rxh1 Nb4 28. Qd4 Rxd4+ 29. exd4 Rd8 30. Ng5+ Kg8 31. Bc4 e6 32. Kc3 Nc6 33. Rd1
Bh6 34. Nh3 Kf8 35. d5 exd5 36. Rxd5 Rc8 37. Kd2 Nxe5 38. Bb3 Nc6 39. Ke2 Rd8
40. Rxd8+ Nxd8 41. Bc4 Ke7 42. Kf3 Ne6 43. Ke4 f5+ 44. Kf3 Kf6 45. a4 a5 46.
Bd5 b6 47. Bc4 Nc5 48. b3 Ne4 49. Bd5 Nc3 50. Bc6 g5 51. fxg5+ Bxg5 52. Nf2 Ke5
53. Be8 h4 54. b4 Kd4 55. bxa5 bxa5 56. Nh3 Bd2 57. Ng1 Ne4 58. Bd7 Ke5 59. Kg2
Bg5 60. Nf3+ Kf4 61. Nd4 Ng3 62. Kh3 Ke5 63. Nf3+ Kf4 64. Nd4 Ke4 65. Nxf5 Nxf5
66. Kg4 Nd4 67. Kxg5 Nf3+ 68. Kf6 Ng1 69. Kg5 Nf3+ 70. Kf6 Kf4 71. Ke7 Ke5 72.
Bc6 Ng5 73. Bh1 h3 74. Kd7 Kd4 75. Kc6 Kc4 76. Kd6 h2 77. Ke5 Nh3 0-1

[Event "BL 0708 SC Remagen - SV Wattenscheid"]
[Site "?"]
[Date "2008.04.05"]
[Round "12.8"]
[White "Grund, Holger"]
[Black "Dinstuhl, Volkmar Dr"]
[Result "1/2-1/2"]
[WhiteElo "2436"]
[BlackElo "2435"]
[PlyCount "81"]
[EventDate "2008.??.??"]

1. e4 e5 2. Nf3 Nc6 3. Nc3 Nf6 4. Bb5 Nd4 5. Bc4 Nxf3+ 6. Qxf3 d6 7. h3 Be6 8.
d3 Be7 9. g4 O-O 10. g5 Ne8 11. Rg1 g6 12. h4 Ng7 13. Be3 c6 14. O-O-O f5 15.
gxf6 Rxf6 16. Qg2 Qf8 17. Kb1 Qf7 18. Bb3 Bxb3 19. axb3 Ne6 20. h5 g5 21. Bxg5
Rxf2 22. Qxf2 Qxf2 23. Bxe7+ Kf7 24. Bxd6 Qh2 25. Rdf1+ Ke8 26. Rg8+ Kd7 27.
Bxe5 Qxe5 28. Rf7+ Kd6 29. Rxa8 Qxh5 30. Rf5 Qh1+ 31. Ka2 Qg1 32. e5+ Kc5 33.
Rxa7 Nd4 34. Rg5 Qc1 35. Rxb7 Nxc2 36. e6+ Kd6 37. Ne4+ Kxe6 38. Nc5+ Kf6 39.
Ne4+ Ke6 40. Nc5+ Kf6 41. Ne4+ 1/2-1/2

[Event "BL 0708 SG Turm Trier - SV Mülheim Nord"]
[Site "?"]
[Date "2008.04.05"]
[Round "12.1"]
[White "Landa, Konstantin"]
[Black "Kotronias, Vasilios"]
[Result "1/2-1/2"]
[WhiteElo "2678"]
[BlackElo "2614"]
[PlyCount "62"]
[EventDate "2008.??.??"]

1. d4 Nf6 2. Nf3 g6 3. c4 Bg7 4. Nc3 O-O 5. e4 d6 6. Be2 e5 7. O-O Nbd7 8. Be3
Re8 9. d5 Nh5 10. g3 Bf8 11. Ne1 Ng7 12. Nd3 f5 13. f3 Be7 14. Qd2 c5 15. a3 b6
16. b4 Ba6 17. b5 Bc8 18. a4 a5 19. bxa6 Rxa6 20. Ra3 Nf6 21. Bh6 fxe4 22. fxe4
Bh3 23. Rb1 Ng4 24. Bxg4 Bxg4 25. Nf2 Bd7 26. Rab3 Nh5 27. Kg2 Bf6 28. Qe3 Bg7
29. Bg5 Bf6 30. Bh6 Bg7 31. Bg5 Bf6 1/2-1/2

[Event "BL 0708 SG Turm Trier - SV Mülheim Nord"]
[Site "?"]
[Date "2008.04.05"]
[Round "12.2"]
[White "Galyas, Miklos"]
[Black "Vachier-Lagrave, Maxime"]
[Result "1/2-1/2"]
[WhiteElo "2433"]
[BlackElo "2634"]
[PlyCount "35"]
[EventDate "2008.??.??"]

1. d4 Nf6 2. c4 g6 3. Nc3 d5 4. Nf3 Bg7 5. Bg5 Ne4 6. Bh4 c5 7. cxd5 Nxc3 8.
bxc3 Qxd5 9. e3 cxd4 10. cxd4 Nc6 11. Be2 e5 12. dxe5 Qa5+ 13. Qd2 Qxd2+ 14.
Kxd2 O-O 15. Rab1 b6 16. Rhc1 Nxe5 17. Nd4 Bb7 18. Rc7 1/2-1/2

[Event "BL 0708 SG Turm Trier - SV Mülheim Nord"]
[Site "?"]
[Date "2008.04.05"]
[Round "12.3"]
[White "Berelovich, Alexander"]
[Black "Seger, Ruediger"]
[Result "1/2-1/2"]
[WhiteElo "2595"]
[BlackElo "2395"]
[PlyCount "126"]
[EventDate "2008.??.??"]

1. e4 c6 2. d4 d5 3. Nc3 dxe4 4. Nxe4 Bf5 5. Ng3 Bg6 6. h4 h6 7. Nf3 Nd7 8. h5
Bh7 9. Bd3 Bxd3 10. Qxd3 Ngf6 11. Bf4 Qa5+ 12. Bd2 Qc7 13. O-O-O e6 14. Ne4
O-O-O 15. g3 Nxe4 16. Qxe4 Bd6 17. c4 c5 18. Kb1 cxd4 19. Nxd4 a6 20. Qe2 Nc5
21. Be3 Be5 22. Qc2 Bf6 23. g4 Rd7 24. Nb3 Nxb3 25. Rxd7 Qxd7 26. axb3 Rd8 27.
Qe4 Qd3+ 28. Qxd3 Rxd3 29. Kc2 Rd7 30. f4 Bd4 31. Bc1 f5 32. g5 hxg5 33. fxg5
e5 34. h6 gxh6 35. gxh6 Rh7 36. Bg5 Kd7 37. Bf6 Ke6 38. Bg7 Be3 39. Rh5 Bf4 40.
Kd3 Bc1 41. Kc2 Bf4 42. b4 e4 43. c5 Be3 44. Kd1 Bf4 45. Ke2 Bc1 46. Kd1 Bf4
47. Kc2 Be3 48. Kc3 Bc1 49. Kc4 Bd2 50. Rh1 f4 51. Rh5 f3 52. Kd4 f2 53. Re5+
Kd7 54. Rf5 Bxh6 55. Bxh6 Rxh6 56. Rxf2 Kc6 57. Re2 Rh4 58. Rxe4 Rxe4+ 59. Kxe4
Kb5 60. Kd5 Kxb4 61. c6 bxc6+ 62. Kxc6 a5 63. Kb6 a4 1/2-1/2

[Event "BL 0708 SG Turm Trier - SV Mülheim Nord"]
[Site "?"]
[Date "2008.04.05"]
[Round "12.4"]
[White "Kolbus, Dietmar"]
[Black "Malakhatko, Vadim"]
[Result "0-1"]
[WhiteElo "2386"]
[BlackElo "2596"]
[PlyCount "102"]
[EventDate "2008.??.??"]

1. d4 Nf6 2. c4 e6 3. Nf3 d5 4. g3 dxc4 5. Qa4+ Nbd7 6. Bg2 a6 7. Qxc4 b5 8.
Qc2 Bb7 9. O-O c5 10. b3 Rc8 11. Qd1 Be7 12. Bb2 O-O 13. dxc5 Bxc5 14. Nbd2 Qb6
15. e3 Rc7 16. Qe2 Rfc8 17. Rfc1 h6 18. Ne1 Bxg2 19. Kxg2 Bb4 20. Rxc7 Rxc7 21.
Ndf3 Qb7 22. Kg1 Ne4 23. Nd3 Bc3 24. Nfe1 Ndc5 25. Nxc5 Rxc5 26. Bxc3 Nxc3 27.
Qd3 Qc6 28. b4 Rc4 29. a3 e5 30. Qd8+ Kh7 31. Qd3+ g6 32. h4 Kg7 33. Kh2 Qf6
34. Qf1 Ne4 35. Kg1 g5 36. hxg5 hxg5 37. Rd1 g4 38. Kg2 Ng5 39. Qe2 Qc6+ 40.
Kg1 Nh3+ 41. Kh2 Qh6 42. Kg2 Ng5 43. Kg1 Qh3 44. Qf1 Qh5 45. Qg2 e4 46. Qh1
Nh3+ 47. Kg2 Rc6 48. Kf1 Rf6 49. Rd2 Qd5 50. Re2 Qc4 51. Qg2 Rd6 0-1

[Event "BL 0708 SG Turm Trier - SV Mülheim Nord"]
[Site "?"]
[Date "2008.04.05"]
[Round "12.5"]
[White "Levin, Felix"]
[Black "Cioara, Andrei Nestor"]
[Result "1/2-1/2"]
[WhiteElo "2552"]
[BlackElo "2428"]
[PlyCount "39"]
[EventDate "2008.??.??"]

1. d4 Nf6 2. c4 e6 3. Nc3 Bb4 4. Qc2 O-O 5. a3 Bxc3+ 6. Qxc3 b6 7. Bg5 h6 8.
Bh4 Bb7 9. e3 d6 10. Ne2 Nbd7 11. Qc2 c5 12. Rd1 cxd4 13. Rxd4 Qc7 14. Nc3 d5
15. Bg3 e5 16. Rd2 Rac8 17. cxd5 Nxd5 18. Bb5 N7f6 19. O-O Nxc3 20. Qxc3
1/2-1/2

[Event "BL 0708 SG Turm Trier - SV Mülheim Nord"]
[Site "?"]
[Date "2008.04.05"]
[Round "12.6"]
[White "Ionescu, Doru Alexandru"]
[Black "Saltaev, Mihail"]
[Result "1-0"]
[WhiteElo "2377"]
[BlackElo "2511"]
[PlyCount "77"]
[EventDate "2008.??.??"]

1. Nf3 d5 2. g3 Nf6 3. Bg2 c6 4. O-O g6 5. d3 Bg7 6. Nbd2 O-O 7. e4 dxe4 8.
dxe4 Na6 9. Qe2 Nc5 10. e5 Nd5 11. Nb3 Ne6 12. c4 Nb6 13. Bd2 Na4 14. Rfd1 Qc7
15. Rab1 Rd8 16. Qe3 c5 17. Na5 Nd4 18. b3 Nb6 19. Bc3 Bg4 20. Nxd4 Bxd1 21.
Nb5 Qd7 22. Nxb7 Bg4 23. Re1 a6 24. Nxc5 Qc8 25. Bb7 Qb8 26. Nd4 Rf8 27. Qe4
Bc8 28. Bxa8 Nxa8 29. Nc6 Qc7 30. Ba5 Nb6 31. Bxb6 Qxb6 32. Nxe7+ Kh8 33. Nxc8
Rxc8 34. Nd7 Qa5 35. Re2 Qc3 36. Qd5 Kg8 37. e6 fxe6 38. Qxe6+ Kh8 39. Ne5 1-0

[Event "BL 0708 SG Turm Trier - SV Mülheim Nord"]
[Site "?"]
[Date "2008.04.05"]
[Round "12.7"]
[White "Hausrath, Daniel"]
[Black "Jeitz, Christian"]
[Result "1/2-1/2"]
[WhiteElo "2499"]
[BlackElo "2183"]
[PlyCount "147"]
[EventDate "2008.??.??"]

1. Nf3 Nf6 2. c4 g6 3. Nc3 d5 4. cxd5 Nxd5 5. e4 Nxc3 6. dxc3 Qxd1+ 7. Kxd1 Bg7
8. Kc2 e5 9. Bc4 Nd7 10. Be3 h6 11. a4 Nf8 12. Nd2 Be6 13. Rhd1 f5 14. f3 f4
15. Bc5 Bxc4 16. Nxc4 b6 17. Bxf8 Rxf8 18. Rd5 Rd8 19. Rad1 Rxd5 20. Rxd5 c6
21. Rd6 Rf6 22. Rd1 Rf8 23. Rd6 Rf6 24. Rd1 Rf8 25. b4 Ke7 26. b5 cxb5 27. axb5
Rd8 28. Rd5 Ke8 29. Nb2 Ke7 30. Nd3 Rxd5 31. exd5 Kd6 32. c4 Bf8 33. Nf2 Be7
34. Kd3 h5 35. Ke4 Bf6 36. Nd3 Bg7 37. Nf2 Kc5 38. Kd3 Kd6 39. Ne4+ Kd7 40. c5
bxc5 41. Nxc5+ Kd6 42. Kc4 Bf8 43. Nd3 Bg7 44. Nb4 g5 45. h3 g4 46. hxg4 hxg4
47. fxg4 e4 48. g5 f3 49. gxf3 exf3 50. Kd3 Kc5 51. Nc6 Kxb5 52. Nxa7+ Kc5 53.
Ke3 Kxd5 54. Kxf3 Ke6 55. Kg4 Bd4 56. Nc6 Bb2 57. Kh5 Kf7 58. g6+ Kg7 59. Kg5
Bc3 60. Kf5 Bf6 61. Nb4 Bc3 62. Nd5 Bb2 63. Nc7 Bc3 64. Ne8+ Kg8 65. Nd6 Kg7
66. Ne4 Bb2 67. Nc5 Bc3 68. Ne6+ Kh6 69. Nf4 Kg7 70. Nh5+ Kg8 71. Nf6+ Bxf6 72.
Kxf6 Kf8 73. g7+ Kg8 74. Kg6 1/2-1/2

[Event "BL 0708 SG Turm Trier - SV Mülheim Nord"]
[Site "?"]
[Date "2008.04.05"]
[Round "12.8"]
[White "Korman, Maxim"]
[Black "Schebler, Gerhard"]
[Result "0-1"]
[WhiteElo "2113"]
[BlackElo "2458"]
[PlyCount "62"]
[EventDate "2008.??.??"]

1. e4 c5 2. Nc3 e6 3. g3 Nc6 4. Bg2 g6 5. d3 Bg7 6. Be3 d6 7. Qd2 Rb8 8. Nge2
b5 9. a3 Nd4 10. O-O Nxe2+ 11. Qxe2 Ne7 12. Qd2 O-O 13. Bh6 Qc7 14. Bxg7 Kxg7
15. Nd1 a5 16. Ne3 Bb7 17. d4 cxd4 18. Qxd4+ f6 19. Rad1 Rfd8 20. Rd3 Nc6 21.
Rc3 Qd7 22. Qd2 b4 23. axb4 axb4 24. Rb3 Ba6 25. Rd1 Bb5 26. Bf1 Ba4 27. Ng4
Bxb3 28. Qh6+ Kh8 29. cxb3 Qg7 30. Qf4 Ne5 31. Nxf6 g5 0-1

[Event "BL 0708 OSC Baden Baden - SF Katernberg"]
[Site "?"]
[Date "2008.04.05"]
[Round "12.1"]
[White "Motylev, Alexander"]
[Black "Bacrot, Etienne"]
[Result "1/2-1/2"]
[WhiteElo "2645"]
[BlackElo "2695"]
[PlyCount "107"]
[EventDate "2008.??.??"]

1. e4 e5 2. Nf3 Nc6 3. Nc3 Nf6 4. g3 d5 5. exd5 Nxd5 6. Bg2 Nde7 7. O-O Nf5 8.
Re1 f6 9. h3 Bc5 10. Ne4 Be7 11. c3 O-O 12. d4 Kh8 13. dxe5 Qxd1 14. Rxd1 Nxe5
15. Nxe5 fxe5 16. Bg5 Bxg5 17. Nxg5 Nd6 18. Re1 Re8 19. f4 h6 20. fxe5 Nc4 21.
Ne4 Nxe5 22. Nc5 Bxh3 23. Bxh3 Nf3+ 24. Kf2 Rxe1 25. Rxe1 Nxe1 26. Kxe1 Re8+
27. Kf2 b6 28. Ne6 c5 29. a4 Kg8 30. a5 bxa5 31. Nxc5 Kf7 32. c4 Rb8 33. b3 Ke7
34. Ke3 h5 35. Bg2 Rb4 36. Bf3 a4 37. bxa4 Rxc4 38. Nd3 h4 39. gxh4 Rxa4 40.
Be4 a5 41. h5 Kf6 42. Bg6 Rc4 43. Ne1 a4 44. Kd3 Rc8 45. Nc2 Ke5 46. Na3 Kd5
47. Bf7+ Kd6 48. Kd4 Rb8 49. Kc4 Rb3 50. Nb5+ Ke5 51. Be8 Rb1 52. Na3 Rb3 53.
Nb5 Rb1 54. Na3 1/2-1/2

[Event "BL 0708 OSC Baden Baden - SF Katernberg"]
[Site "?"]
[Date "2008.04.05"]
[Round "12.2"]
[White "Nisipeanu, Liviu-Dieter"]
[Black "Postny, Evgeny"]
[Result "1-0"]
[WhiteElo "2668"]
[BlackElo "2599"]
[PlyCount "103"]
[EventDate "2008.??.??"]

1. e4 c5 2. Nf3 Nc6 3. d4 cxd4 4. Nxd4 Nf6 5. Nc3 e5 6. Ndb5 d6 7. Bg5 a6 8.
Na3 b5 9. Nd5 Be7 10. Bxf6 Bxf6 11. c4 b4 12. Nc2 a5 13. Qf3 Be6 14. Nxf6+ Qxf6
15. Qxf6 gxf6 16. Bd3 Ke7 17. O-O Rhc8 18. Ne3 a4 19. f4 exf4 20. Rxf4 Ne5 21.
Be2 b3 22. a3 Rc5 23. Nd5+ Bxd5 24. exd5 Rac8 25. Re1 R8c7 26. Bf1 Rc8 27. Re3
Rg8 28. Be2 Rg7 29. Kf2 Rc8 30. g3 Rc5 31. Ke1 Rg6 32. Rh4 Kf8 33. Kd2 Kg7 34.
Kc3 Rc8 35. Bd3 Rh6 36. Rxh6 Kxh6 37. Be2 Rb8 38. Re4 Rc8 39. Kb4 f5 40. Rxe5
Rb8+ 41. Ka5 dxe5 42. c5 Kg5 43. c6 Kf6 44. c7 Rg8 45. Ba6 e4 46. c8=Q Rxc8 47.
Bxc8 Ke5 48. Kxa4 e3 49. Ba6 Kxd5 50. Kxb3 f4 51. Kc3 Ke4 52. Bb7+ 1-0

[Event "BL 0708 OSC Baden Baden - SF Katernberg"]
[Site "?"]
[Date "2008.04.05"]
[Round "12.3"]
[White "Chuchelov, Vladimir"]
[Black "Vallejo Pons, Francisco"]
[Result "1-0"]
[WhiteElo "2544"]
[BlackElo "2660"]
[PlyCount "81"]
[EventDate "2008.??.??"]

1. Nf3 b6 2. c4 Bb7 3. d4 e6 4. g3 Bb4+ 5. Bd2 Bxf3 6. exf3 Bxd2+ 7. Qxd2 d5 8.
cxd5 Qxd5 9. Nc3 Qxf3 10. Rg1 c6 11. Bg2 Qh5 12. Qf4 Ne7 13. g4 Qa5 14. O-O-O
O-O 15. Kb1 Na6 16. Rd3 Ng6 17. Qd2 Rad8 18. a3 b5 19. Rc1 c5 20. dxc5 Nxc5 21.
Rxd8 Rxd8 22. Qg5 Nb3 23. Rc2 a6 24. Ka2 h6 25. Qe3 Nd4 26. Rd2 e5 27. Nd5 Rd7
28. f4 Nxf4 29. Rxd4 Nxg2 30. Qxe5 Qd8 31. Qf5 Rd6 32. Qe5 Rd7 33. Qf5 Rd6 34.
Qe5 Rd7 35. Qf5 Kf8 36. Nf4 Ke8 37. Rxd7 Qxd7 38. Qxd7+ Kxd7 39. Nxg2 Kd6 40.
Kb3 Ke5 41. Kb4 1-0

[Event "BL 0708 OSC Baden Baden - SF Katernberg"]
[Site "?"]
[Date "2008.04.05"]
[Round "12.4"]
[White "Naiditsch, Arkadij"]
[Black "Seel, Christian"]
[Result "1/2-1/2"]
[WhiteElo "2639"]
[BlackElo "2495"]
[PlyCount "69"]
[EventDate "2008.??.??"]

1. Nf3 Nf6 2. d4 d5 3. c4 c6 4. e3 a6 5. Nc3 e6 6. Bd2 Nbd7 7. c5 e5 8. dxe5
Ng4 9. Na4 Qc7 10. Qc2 Ngxe5 11. Nd4 g6 12. f4 Ng4 13. h3 Ngf6 14. Bd3 Bg7 15.
g4 O-O 16. O-O-O Re8 17. Rdf1 Ne4 18. Be1 Bf8 19. Nb3 Qb8 20. Kb1 b5 21. cxb6
Nxb6 22. Nc3 f5 23. gxf5 Bxf5 24. Nd4 Nxc3+ 25. Bxc3 Nc4 26. Ka1 Bxd3 27. Qxd3
Rxe3 28. Qc2 Re4 29. f5 Ne3 30. Qf2 Nxf1 31. Rxf1 Qe8 32. Ne6 Qf7 33. Qg1 Bh6
34. Nc5 Be3 35. fxg6 1/2-1/2

[Event "BL 0708 OSC Baden Baden - SF Katernberg"]
[Site "?"]
[Date "2008.04.05"]
[Round "12.5"]
[White "Senff, Martin"]
[Black "Nielsen, Peter-Heine"]
[Result "0-1"]
[WhiteElo "2474"]
[BlackElo "2626"]
[PlyCount "64"]
[EventDate "2008.??.??"]

1. e4 c5 2. Nf3 Nc6 3. d4 cxd4 4. Nxd4 e6 5. Nxc6 bxc6 6. Bd3 Nf6 7. O-O d5 8.
Nd2 Be7 9. Re1 O-O 10. c3 Nd7 11. e5 f5 12. exf6 Bxf6 13. Qh5 g6 14. Bxg6 hxg6
15. Qxg6+ Bg7 16. Qxe6+ Rf7 17. Qxc6 Rb8 18. Qxd5 Bb7 19. Qd3 Qb6 20. Qe3 Qc6
21. Qg3 Rbf8 22. Ne4 Nf6 23. f3 Nxe4 24. fxe4 Qxe4 25. Be3 Qh7 26. Rad1 Rf6 27.
h4 Qf5 28. Qg5 Rg6 29. Qxf5 Rxg2+ 30. Kh1 Rxf5 31. Rd8+ Kh7 32. Rd7 Re2+ 0-1

[Event "BL 0708 OSC Baden Baden - SF Katernberg"]
[Site "?"]
[Date "2008.04.05"]
[Round "12.6"]
[White "Dautov, Rustem"]
[Black "Siebrecht, Sebastian"]
[Result "0-1"]
[WhiteElo "2590"]
[BlackElo "2481"]
[PlyCount "175"]
[EventDate "2008.??.??"]

1. d4 Nf6 2. c4 g6 3. g3 c6 4. Nf3 Bg7 5. Bg2 O-O 6. Nc3 d5 7. Qb3 Qb6 8. O-O
Be6 9. Ng5 dxc4 10. Qa4 Bg4 11. h3 Bc8 12. Qxc4 h6 13. Nf3 Be6 14. Qa4 Na6 15.
e4 Rfd8 16. Rd1 Rac8 17. Rb1 Nc7 18. Be3 Qa6 19. Qb4 Re8 20. Bf1 b5 21. a4 Qb7
22. axb5 cxb5 23. d5 Bd7 24. Ra1 a6 25. Bg2 e5 26. Nd2 Bf8 27. Qa5 Ra8 28. Nb3
Reb8 29. Nc5 Qc8 30. Kh2 Nce8 31. Nxd7 Qxd7 32. b3 Nd6 33. f3 h5 34. h4 Nb7 35.
Qa2 Bc5 36. Bxc5 Nxc5 37. Qb2 Qd6 38. b4 Ncd7 39. Rdc1 Nb6 40. Bf1 Rc8 41. Nd1
Rxc1 42. Rxc1 Rc8 43. Rxc8+ Nxc8 44. Qc3 Nb6 45. Nb2 Nfd7 46. Bh3 Kf8 47. Nd3
Ke7 48. Qc6 Qxc6 49. dxc6 Nf8 50. Nxe5 Kd6 51. Nxf7+ Kxc6 52. Ne5+ Kd6 53. Nd3
Nc4 54. Nc5 a5 55. Nb7+ Kc7 56. Nxa5 Ne5 57. f4 Nd3 58. Nb3 Nxb4 59. Nd4 Kb6
60. Bf1 Kc5 61. Nxb5 Nc2 62. e5 Ne3 63. Bd3 Kd5 64. Kg1 Nd1 65. Kf1 Ne3+ 66.
Ke2 Ng4 67. Nd6 Ke6 68. Ba6 Ke7 69. Kf3 Ne6 70. Bd3 Nf8 71. Be2 Ne6 72. Ke4 Nh6
73. Kd5 Nc7+ 74. Kc6 Ne6 75. Bd3 Nf8 76. Nc8+ Ke6 77. Nd6 Ke7 78. Bc4 Ng4 79.
Nc8+ Ke8 80. Nd6+ Ke7 81. Nc8+ Ke8 82. Kd6 Ne3 83. Bd3 Kf7 84. Ne7 Kg7 85. e6
Kf6 86. Ng8+ Kg7 87. e7 Kf7 88. Nh6+ 0-1

[Event "BL 0708 OSC Baden Baden - SF Katernberg"]
[Site "?"]
[Date "2008.04.05"]
[Round "12.7"]
[White "Ris, Robert"]
[Black "Schlosser, Philipp"]
[Result "0-1"]
[WhiteElo "2381"]
[BlackElo "2579"]
[PlyCount "76"]
[EventDate "2008.??.??"]

1. e4 c5 2. Nf3 Nc6 3. Nc3 e6 4. d4 cxd4 5. Nxd4 Qc7 6. Be3 a6 7. Qd2 Nf6 8. f3
Ne5 9. O-O-O Bb4 10. Nb3 b5 11. Kb1 Nc4 12. Bxc4 bxc4 13. Nc1 Rb8 14. Bf4 e5
15. Bg5 Qb6 16. Bxf6 Qxf6 17. N1e2 Ba3 18. b3 O-O 19. Nd5 Qd8 20. f4 cxb3 21.
axb3 Re8 22. f5 Bb7 23. Nec3 a5 24. f6 Bc6 25. Qg5 Bf8 26. Rd3 a4 27. Kb2 g6
28. h4 axb3 29. h5 Qa5 30. Ne7+ Bxe7 31. fxe7 bxc2+ 32. Kxc2 Qa3 33. hxg6 Rb2+
34. Kd1 Qa1+ 35. Qc1 Ba4+ 36. Nxa4 Qxa4+ 37. Ke1 Qxe4+ 38. Re3 Qb4+ 0-1

[Event "BL 0708 OSC Baden Baden - SF Katernberg"]
[Site "?"]
[Date "2008.04.05"]
[Round "12.8"]
[White "Doettling, Fabian"]
[Black "Souleidis, Georgios"]
[Result "1-0"]
[WhiteElo "2541"]
[BlackElo "2421"]
[PlyCount "93"]
[EventDate "2008.??.??"]

1. d4 Nf6 2. Nf3 g6 3. c4 Bg7 4. Nc3 O-O 5. e4 d6 6. Be2 e5 7. O-O Na6 8. Re1
Qe8 9. Bf1 Bg4 10. d5 Nb4 11. Be2 a5 12. Rb1 Na6 13. Bg5 h6 14. Bxf6 Bxf6 15.
Nd2 Bd7 16. Bg4 Bg5 17. Bxd7 Qxd7 18. Nf3 Be7 19. Na4 f5 20. a3 fxe4 21. Rxe4
Qf5 22. Re2 Qh5 23. Nd2 Rf4 24. Ne4 Qf5 25. Qc2 Nc5 26. Naxc5 dxc5 27. Rbe1 Rf8
28. g3 Rf3 29. Re3 Rxe3 30. Rxe3 h5 31. Qe2 h4 32. g4 Qd7 33. h3 Rf4 34. Rf3
Rxf3 35. Qxf3 Qa4 36. Qd3 Kg7 37. Kg2 b5 38. cxb5 c4 39. Qc3 Bd6 40. b6 Qb5 41.
bxc7 Bxc7 42. Qd2 Bb6 43. d6 Qc6 44. Qe2 Bd4 45. Qf3 Qd5 46. Qf6+ Kh7 47. f3
1-0

[Event "BL 0708 TV Tegernsee - Bindl-Aktionär"]
[Site "?"]
[Date "2008.04.05"]
[Round "12.1"]
[White "Laznicka, Viktor"]
[Black "Sokolov, Andrei"]
[Result "1-0"]
[WhiteElo "2610"]
[BlackElo "2588"]
[PlyCount "81"]
[EventDate "2008.??.??"]

1. d4 Nf6 2. c4 e6 3. g3 d5 4. Nf3 Bb4+ 5. Bd2 Be7 6. Bg2 O-O 7. O-O c6 8. Qc2
b6 9. Bf4 Bb7 10. Rd1 Nbd7 11. Nc3 dxc4 12. Nd2 Nd5 13. Nxc4 Nxf4 14. gxf4 Qc7
15. e3 Rac8 16. Rac1 Nf6 17. a3 Nd5 18. Ne5 Qd6 19. Ne4 Qc7 20. Qa4 a5 21. Nc3
Qd6 22. Qb3 Bd8 23. Rc2 Qe7 24. Rdc1 Bc7 25. Nxd5 cxd5 26. Nc6 Bxc6 27. Rxc6
Rfd8 28. Bf1 g5 29. Ba6 gxf4 30. Bxc8 f3 31. Rxc7 Qg5+ 32. Kf1 Qg2+ 33. Ke1
Qg1+ 34. Kd2 Qxf2+ 35. Kc3 Kh8 36. Qd1 Qxe3+ 37. Kc2 Rg8 38. Kb1 f2 39. Ba6 Rg1
40. Bf1 Kg7 41. Ka2 1-0

[Event "BL 0708 TV Tegernsee - Bindl-Aktionär"]
[Site "?"]
[Date "2008.04.05"]
[Round "12.2"]
[White "Ribli, Zoltan"]
[Black "Baramidze, David"]
[Result "1/2-1/2"]
[WhiteElo "2577"]
[BlackElo "2569"]
[PlyCount "39"]
[EventDate "2008.??.??"]

1. Nf3 d5 2. d4 Nf6 3. c4 c6 4. Nc3 e6 5. e3 Nbd7 6. Qc2 Bd6 7. e4 dxe4 8. Nxe4
Nxe4 9. Qxe4 e5 10. dxe5 O-O 11. exd6 Re8 12. Qxe8+ Qxe8+ 13. Be3 Ne5 14. O-O-O
Nxf3 15. gxf3 Be6 16. Be2 c5 17. Rhg1 Qa4 18. Kb1 b5 19. b3 Qa5 20. Rg5 1/2-1/2